000 00574nam a22002177a 4500
003 BPGM
005 20260630205709.0
008 260630b mx ||||| |||| 00| 0 spa d
020 _aSIN ISBN
040 _aBPGM
_bspa
041 _aspa
_hspa
082 0 4 _a700 /
_b051
100 _aBALLMER, WALTER
245 _aCONGRESO MUNDIAL DE DISEÑO
_b12a QUERETARO 2012
260 _aQUERETARO;
_c2012.
300 _c27 cm x 19.1 cm
336 _2rdacontent
_atexto
_btxt
337 _2rdamedia
_asin mediación
_bn
338 _2rdacarrier
_avolumen
_bnc
942 _2ddc
_cCOLQ
999 _c68726
_d68726